| 000 | 00749 a2200265 4500 | ||
|---|---|---|---|
| 001 | 200131120 | ||
| 003 | TR-AnTOB | ||
| 005 | 20241211102413.0 | ||
| 008 | 160216s2013 tu 001 0 d | ||
| 020 | _a9757064053 | ||
| 040 |
_aTR-AnTOB _btur _erda _cTR-AnTOB |
||
| 041 | _atur | ||
| 060 | 1 | 1 |
_aWL 101 _b.F66 2013 |
| 096 | _aRES WL101 .F66 2013 | ||
| 245 | 1 | 0 |
_aFonksiyonel nöroanatomi / _cEditör Doğan Taner. |
| 264 | 1 |
_aAnkara: _bODTÜ Geliştirme Vakfı Yayıncılık, _c2013. |
|
| 300 |
_a226 sayfa ; _c24 cm. |
||
| 336 |
_atext _2rdacontent |
||
| 337 |
_aunmediated _2rdamedia |
||
| 338 |
_avolume _2rdacarrier |
||
| 500 |
_aDizin var. _xKısa sözlük var. |
||
| 650 | 2 |
_aNeuroanatomy _995110 |
|
| 942 |
_cBK _2lcc |
||
| 999 |
_c200131120 _d40644 |
||